Gaming Quiz

Random Gaming or World Quiz

Brave Frontier:Worlds Quiz Stats

Quiz not verified by Sporcle

Challenge
Share
Tweet
Embed
Score 0/27 Timer 20:00
0 Plays Today
Worlds % Correct
Mistral
100%
Agni
100%
Menon
100%
Morgan
80%
St.Lamia
80%
Lizeria
80%
Bariura
80%
Ishgria
80%
Lem
80%
Rakshult
80%
Zamburg
80%
Mildran
80%
Cordelica
60%
Palmyna
60%
Worlds % Correct
Amdahl
60%
Encervis
60%
Mirvana
60%
Lanara
60%
Vriksha
60%
Celgrad
60%
Beiorg
60%
Wulgee
60%
Fal Nerga
60%
Estria
60%
Ryvern
40%
Aldahlia
40%
Atharva
40%

You're not logged in!

Compare scores with friends on all Sporcle quizzes.
Sign Up with Email
OR
Log In

You Might Also Like...

Show Comments

Extras

Top Quizzes Today


Score Distribution

Your Account Isn't Verified!

In order to create a playlist on Sporcle, you need to verify the email address you used during registration. Go to your Sporcle Settings to finish the process.

Report this User

Report this user for behavior that violates our Community Guidelines.

Details: